000 00260nam a2200097Ia 4500
001 1228977
005 20250827093052.0
008 250824s9999 xx 000 0 und d
245 0 _aANLAT BANA
_cSUE LİMB
260 _bALTIN KİTAPLAR YAYINLARI
999 _c1228977
_d1228977